ბათუმის შოთა რუსთაველის სახელმწიფო უნივერსიტეტის ბიბლიოთეკა

სუბტროპიკული მემცენარეობის საფუძვლები : (ბიბ.ჩანაწერი № 63491)

000 -ლიდერი
ფიქსირებული სიგრძის საკონტროლო ველი 01553nam a22002177a 4500
003 - საკონტროლო ნომრის იდენტიფიკატორი
საკონტროლო ველი Ge_BSU
005 - ბოლო ოპერაციის თარიღი და დრო
საკონტროლო ველი 20251017210542.0
008 - ფიქსირებული სიგრძის მონაცემთა ელემენტები - ზოგადი ინფორმაცია
ფიქსირებული სიგრძის საკონტროლო ველი 251017s2009 ge ||||| |||| 00| 0 geo d
041 ## - ენის კოდი
Language code of text/sound track or separate title geo
080 ## - უნივერსალური ათობითი კლასიფიკაციის ინდექსი
Universal Decimal Classification number 633.8 კ-50
100 ## - მთავარი ჩანაწერი - პიროვნების სახელი
Personal name კილასონია,გ
9 (RLIN) 26062
245 ## - ცნობა სათაურის შესახებ
Title სუბტროპიკული მემცენარეობის საფუძვლები :
Remainder of title სახელმძღვანელო განკუთვნილია მხოლოდ საქართველოს სუბტროპიკული მეურნეობის სახელმწიფო უნივერსიტეტის სტუდენტების, მაგისტრებისა და დოქტორანტებისთვის /
Statement of responsibility, etc გ.კილასონია, რედ: როლანდ კოპალიანი, რ.ჯაბნიძე
264 ## - წარმოების, გამოცემის, დისტრიბუციის და სხვა ცნობები
გამოცემის, წარმოების, დისტრიბუციის... ადგილი ქუთაისი:
გამოცემის, წარმოების, დისტრიბუციის... სახელწოდება საგამომცემლო ცენტრი,
გამოცემის, წარმოების, დისტრიბუციის... თარიღი 2009.
300 ## - ფიზიკური აღწერა
Extent 320 გვ:.
Other physical details ილ;
Dimensions 20სმ.
653 ## - INDEX TERM--UNCONTROLLED
Uncontrolled term სუბტროპიკული მემცენარეობის საფუძვლები
653 ## - INDEX TERM--UNCONTROLLED
Uncontrolled term სუბტროპიკული მცენარეები
653 ## - INDEX TERM--UNCONTROLLED
Uncontrolled term მემცენარეობა ზოგადად
700 ## - ADDED ENTRY--PERSONAL NAME
Personal name კოპალიანი, როლანდ
Relator term რედაქტორი
9 (RLIN) 26063
700 ## - ADDED ENTRY--PERSONAL NAME
Personal name ჯაბნიძე, რ
Relator term რედაქტორი
9 (RLIN) 26064
942 ## - ADDED ENTRY ELEMENTS (KOHA)
Source of classification or shelving scheme
Koha item type წიგნი
ეგზემპლარები
ჩამოწერის სტატუსი დაკარგული ეგზემპლარის სტატუსი კლასიფიკაციის წყარო ან თაროზე გაწყობის სქემა დაზიანების სტატუსი არ გაიცემა მუდმივი მდებარეობა (დაცვის ადგილი) ამჟამინდელი ადგილსამყოფელი თაროზე განთავსების ადგილი შეძენის თარიღი ღირებულება, შესყიდვის ნორმალური ფასი სრული შენახვის შიფრი შტრიხკოდი ბოლო ოპერაციის თარიღი ეგზემპლარის მიმდევრობითი ნომერი (კეტერი?) ფასის ძალაში შესვლის თარიღი ეგზემპლარის სახეობა საჯარო შენიშვნა
          აგრარული და მემბრანული ტექნოლოგიების ინსტიტუტის ბიბლიოთეკა აგრარული და მემბრანული ტექნოლოგიების ინსტიტუტის ბიბლიოთეკა წიგნსაცავი 2025-10-17 10.00 633.8 კ-50 72746 2025-10-17 72746 2025-10-17 წიგნი 10.00